BIBLIOTECA PODER JUDICIAL
Portal Judicial TDF

Teoría general del acto jurídico / (Registro nro. 1660)

000 -LEADER
fixed length control field 00838nam a22002297a 4500
003 - CONTROL NUMBER IDENTIFIER
control field OSt
005 - DATE AND TIME OF LATEST TRANSACTION
control field 20191029062703.0
008 - FIXED-LENGTH DATA ELEMENTS--GENERAL INFORMATION
fixed length control field 180320b xxu||||| |||| 00| 0 spa d
020 ## - INTERNATIONAL STANDARD BOOK NUMBER
International Standard Book Number 9501406172
040 ## - CATALOGING SOURCE
Transcribing agency PJ
100 ## - ASIENTO PRINCIPAL - NOMBRE DE PERSONA
Personal name Garibotto, Juan Carlos
9 (RLIN) 2529
245 10 - MENCIÓN DE TÍTULO
Título propiamente dicho Teoría general del acto jurídico /
Mención de responsabilidad, etc Juan Carlos Garibotto.
260 ## - PUBLICATION, DISTRIBUTION, ETC. (IMPRINT)
Place of publication, distribution, etc Buenos Aires :
Name of publisher, distributor, etc Depalma,
Date of publication, distribution, etc 1991.
300 ## - DESCRIPCION FISICA
Extent xxi, 350 p.
Dimensions 23 cm.
500 ## - NOTA GENERAL
General note Citas y notas bibliográficas a pie de página.<br/>
504 ## - NOTA DE BIBLIOGRAFÍA, ETC.
Bibliography, etc Bibliografía: p. 343-350.
505 ## - FORMATTED CONTENTS NOTE
Formatted contents note Contenido:<br/>Concepto, elementos, efectos, defectos, ineficacia y convalidación de los negocios jurídicos.<br/>Doctrina y jurisprudencia.
650 #0 - ASIENTO SECUNDARIO DE MATERIA - TERMINO TEMATICO
9 (RLIN) 352
Topical term or geographic name as entry element DERECHO CIVIL
650 #0 - ASIENTO SECUNDARIO DE MATERIA - TERMINO TEMATICO
9 (RLIN) 2523
Topical term or geographic name as entry element HECHOS Y ACTOS JURÍDICOS
650 #0 - ASIENTO SECUNDARIO DE MATERIA - TERMINO TEMATICO
Topical term or geographic name as entry element ACTOS JURÍDICOS
9 (RLIN) 2528
942 ## - ADDED ENTRY ELEMENTS (KOHA)
Source of classification or shelving scheme
Koha item type Libros
Classification part 347.132.1
Item part GAR
Existencias
Withdrawn status Lost status Source of classification or shelving scheme Damaged status Not for loan Permanent Location Current Location Date acquired Full call number Barcode Date last seen Price effective from Koha item type
          Biblioteca Poder Judicial Norte Biblioteca Poder Judicial Norte 2018-10-18 347.132.1 GAR RG 1163 2024-12-01 2018-10-18 Libros
          Biblioteca Poder Judicial Norte Biblioteca Poder Judicial Norte 2018-10-18 347.132.1 GAR RG 2203 2024-12-01 2018-10-18 Libros
          Biblioteca Poder Judicial Sur Biblioteca Poder Judicial Sur 2018-10-18 347.132.1 GAR 0690 2018-10-18 2018-10-18 Libros

12 de Octubre 789 Ushuaia - Tel:  54(02901)441571
Horario de Atención: 8.00 a 17.00 hs. 
bibliotecaush@justierradelfuego.gov.ar
koha@justierradelfuego.gov.ar
Seguinos en nuestras redes @bibliojustdf 

Con tecnología Koha